Q Foods Quiz Stats

 Plays Quiz not verified by Sporcle

Support Sporcle.
Go Orange.
Score 0/8 Timer 03:00
0 Plays Today
Hint Food % Correct
Mexican DipQueso
74.3%
FoldedQuesadilla
61%
FrenchQuiche
58.1%
Hard ClamQuahog
44.8%
Rapid bursts of flightQuail
37.1%
Rosie PerezQuince
31.4%
CheeseQuark
12.4%
CerealQuisp
9.5%

You're not logged in!

Compare scores with friends on all Sporcle quizzes.
OR
Log In

From the Vault

Famous Russians: Author or Composer?

by SporcleEXP

This quiz would be much tougher as a spelling test.
Remove Ads.
Support Sporcle.
Get the best of Sporcle when you Go Orange. This ad-free experience offers more features, more stats, and more fun while also helping to support Sporcle. Thank you for becoming a member.

Show Comments

Extras

Created Feb 8, 2011ReportNominate
Tags:Food Quiz

Top Quizzes Today


Score Distribution

Your Account Isn't Verified!

In order to create a playlist on Sporcle, you need to verify the email address you used during registration. Go to your Sporcle Settings to finish the process.

Report this User

Report this user for behavior that violates our Community Guidelines.

Details: